Every PopCap Game Quiz - Statistics

General Stats
  • This quiz has been taken 3 times
  • The average score is 9 of 59
Answer Stats
Year Answer % Correct
2009 Plants vs. Zombies
100%
2013 Plants vs. Zombies 2: It's About Time
67%
2014 Plants vs. Zombies: Garden Warfare
67%
2016 Plants vs. Zombies: Garden Warfare 2
67%
2000 Bejeweled
33%
2004 Bejeweled 2
33%
2010 Bejeweled 3
33%
2006 Bookworm Adventures
33%
2009 Bookworm Adventures: Volume 2
33%
2003 Bookworm/Bespelled
33%
2004 Feeding Frenzy
33%
2006 Feeding Frenzy 2: Shipwreck Showdown
33%
2005 Heavy Weapon
33%
2001 Insaniquarium
33%
2007 Peggle
33%
2013/14 Peggle 2
33%
2014 Peggle Blast
33%
2009 Peggle: Dual Shot
33%
2007 Peggle Extreme
33%
2008 Peggle Nights
33%
2024 Plants vs. Zombies 3
33%
2019/21 Plants vs. Zombies: Battle for Neighborville
33%
2003 Zuma
33%
2001 Alchemy
0%
2004 AstroPop
0%
2002 Atomica
0%
2010 Banana Bugs
0%
2010/13 Bejeweled Blitz
0%
2011 Bejeweled: Classic
0%
2013 Bejeweled Live
0%
2013 Bejeweled Live+
0%
2016 Bejeweled Stars
0%
2008 Bejeweled Twist
0%
2002 Big Money!
0%
2006 Bonnie's Bookstore
0%
2005 Chuzzle
0%
2008 Chuzzle: Christmas Edition
0%
2004 Cosmic Bugs
0%
2002 Dynomite!
0%
2009 Gyromancer
0%
2006 Hammer Heads
0%
2006 Iggle Pop!
0%
2002 Mummy Maze
0%
2002 NingPo MahJong
0%
2002 Noah's Ark
0%
2004 Pixelus
0%
2005 Pizza Frenzy
0%
2016 Plants vs. Zombies Heroes
0%
2003 Rocket Mania!
0%
2001 Seven Seas
0%
2006 Talismania
0%
2008 The Wizard's Pen
0%
2002 TipTop
0%
2003 Typer Shark!
0%
2007 Venice
0%
2007 Water Bugs
0%
2006 Word Harmony
0%
2010 Zuma Blitz
0%
2009/11 Zuma's Revenge!
0%
No matching quizzes found
Score Distribution
Percent of People with Each Score
Percentile by Number Answered
Your Score History
You have not taken this quiz